Systems analysis and design /

Gardado en:
Detalles Bibliográficos
Autor Principal: Kendall, Kenneth E.
Formato: Libro
Idioma:English
Publicado: Upper Saddle River, N.J. : Prentice-Hall, 1999.
Edición:4th ed.
Những chủ đề:
Các nhãn: Engadir etiqueta
Sen Etiquetas, Sexa o primeiro en etiquetar este rexistro!
Thư viện lưu trữ: Mạng thư viện Đại học Đà Nẵng
LEADER 00969cam a2200373 i 4500
001 000045073
003 4192
005 20030225110416.0
008 010220|1999 vm 000 eng
020 |a 0136466214 
040 |a IRC  |c IRC  |d IRC 
041 0 |a eng 
082 1 4 |a 004.21  |b KE-K 
100 1 |a Kendall, Kenneth E. 
245 0 0 |a Systems analysis and design /  |c Kenneth E. Kendall. 
250 |a 4th ed. 
260 |a Upper Saddle River, N.J. :  |b Prentice-Hall,  |c 1999. 
300 |a xxvi, 903, 10 p. :  |b ill. 
630 0 4 |a Computers. 
630 0 4 |a Systems analysis. 
630 0 4 |a Systems design. 
650 0 4 |a Computer  |x Systems analysis and design. 
650 0 4 |a System analysis. 
650 0 4 |a System design. 
OWN |a DUT 
999 |a From the UDN01 
TYP |a Monograph 
TYP |a Printed language 
980 |a Mạng thư viện Đại học Đà Nẵng